| 000 | 01441nam a2200421 i 4500 | ||
|---|---|---|---|
| 001 | 12433 | ||
| 003 | KOSZ 005 | ||
| 005 | 20221025093658.0 | ||
| 008 | 070620s1969 pl a f 001 0 pol | ||
| 015 | _aPB 1969/1998 | ||
| 040 |
_aWA N _cWA N _dKOSZ 005/RW _dKOSZ 005/HR |
||
| 041 | 1 |
_apol _heng |
|
| 046 | _k1969 | ||
| 080 | _a539.3/.6 | ||
| 080 | _a620.1 | ||
| 080 | _a546.3 | ||
| 100 | 1 |
_aWeertman, Johannes _eAutor |
|
| 245 | 1 | 0 |
_aPodstawy teorii dyslokacji / _cJohannes Weertman, Julia R. Weertman ; [z ang. tł. Jerzy Pielaszek]. |
| 246 | 1 |
_iTyt. oryg.: _aElementary dislocation theory. |
|
| 260 |
_aWarszawa : _bPaństwowe Wydawnictwo Naukowe, _c1969. |
||
| 300 |
_a283, [1] s. : _bil. ; _c18 cm. |
||
| 336 |
_2rdacontent _aTekst _btxt |
||
| 337 |
_2rdamedia _aBez urządzenia pośredniczącego _bn |
||
| 338 |
_2rdacarrier _aWolumin _bnc |
||
| 380 | _aKsiążki | ||
| 388 | _a1901-2000 | ||
| 388 | _a1945-1989 | ||
| 504 | _aBibliogr. przy rozdz. Indeks. | ||
| 650 | 4 | _aMetale | |
| 650 | 4 | _aNaprężenia i odkształcenia | |
| 658 | _aFizyka i astronomia | ||
| 658 | _aInżynieria i technika | ||
| 700 | 1 |
_aWeertman, Julia Randall _eAutor |
|
| 700 | 1 |
_aPielaszek, Jerzy _eTłumaczenie |
|
| 710 | 2 |
_aPaństwowe Wydawnictwo Naukowe _4pbl. |
|
| 856 |
_uhttp://koha.tu.koszalin.pl/cgi-bin/koha/opac-detail.pl?biblionumber=12433 _yKatalog online BPK |
||
| 942 |
_2UKD _cKS |
||
| 999 |
_c12433 _d12433 |
||